01493cam a22002535a 45000010009000000050017000090080041000260200018000670400052000850820020001371000033001572450049001902600031002393000034002705040041003045200595003456500033009406500033009736510010010066530045010169420020010619990017010819520141010981081690020151209120425.0140213t2014 enka frb 000 0 eng d a9780081000090 aCaPaEBRbengepncCaPaEBRd EG-ScBUEd EG-ScBUE04a662.88bBAJ2221 aBajpai, P.q(Pratima)93888710aBlack liquor gasification /cPratima Bajpai. aLondon :bElsevier,c2014. a[ix], 92 p. :bill. ;c23 cm. aIncludes bibliographical references. aBlack Liquor Gasification (BLG) is a first of its kind to guide chemical engineers, students, operators of paper plants, technocrats, and entrepreneurs on practical guidelines and a holistic techno-enviro-economic perspective applicable to their future or existing projects based on the treatment of black liquor for energy production. BLG describes the gasification process as a more efficient alternative to current processes for the conversion of black liquor biomass into energy. BLG operates largely in sync with other methods to improve pulp-making efficiency. This book explains how. 0aBiomass gasification.2BUEsh 0aSulfate waste liquor.2BUEsh 2BUEsh bENGGENbENGCHEcAugust2015cDecember2015 2ddck662.88 BAJ c20635d20607 00102ddc40708BaccahaMAINbMAINc1STd2015-08-19ePurchaseg560.00h21761l0o662.88 BAJp000030714r2025-07-15 00:00:00v700.00yBB